Multiple Choice: Prime Ministers of Russia by President Quiz Stats

 Plays Quiz not verified by Sporcle

Score 0/9 Timer 04:00
0 Plays Today
Question Answer Wrong Answers
Dmitry Medvedev Vladimir Putin
83.3%
Boris Yeltsin
13.6%
Yevgeni Primakov Boris Yeltsin
53.1%
Vladimir Putin
30.2%
Dmitry Medvedev
13.6%
Viktor Chernomyrdin Boris Yeltsin
51.9%
Vladimir Putin
29.6%
Dmitry Medvedev
16%
Yegor Gaidar Boris Yeltsin
50%
Vladimir Putin
27.8%
Dmitry Medvedev
19.1%
Viktor Stepashin Boris Yeltsin
48.1%
Vladimir Putin
28.4%
Dmitry Medvedev
18.5%
Sergei Kirienko Boris Yeltsin
47.5%
Vladimir Putin
30.9%
Dmitry Medvedev
16.7%
Mikhail Kasyanov Vladimir Putin
45.7%
Boris Yeltsin
33.3%
Dmitry Medvedev
16%
Mikhail Fradkov Vladimir Putin
39.5%
Boris Yeltsin
38.3%
Dmitry Medvedev
19.1%
Viktor Khristenko Vladimir Putin
38.9%
Boris Yeltsin
45.1%
Dmitry Medvedev
14.2%

You're not logged in!

Compare scores with friends on all Sporcle quizzes.
OR
Log In

Sporcle TV

Today on Sporcle TV


Watch our educational content, quiz creation guides, and fun videos on Sporcle TV.

Show Comments

Extras

Top Quizzes Today


Score Distribution

Your Account Isn't Verified!

In order to create a playlist on Sporcle, you need to verify the email address you used during registration. Go to your Sporcle Settings to finish the process.

Report this User

Report this user for behavior that violates our Community Guidelines.

Details: